00734nam a2200253 a 4500001001300000003000900013005001700022008004100039020001000080082001300090100002000103245002700123260004600150300000900196500003500205505003400240650002300274650001700297700002000314902000800334942000700342952011400349999001700463nice12345678IN_TiNIC20260116013644.0050524s1987 pesa grp 000 0 eng  ac25000a958bHAM aHamid, Muhammad aSiberia to Afghanistan aPeshawarbInst. of Regional Studiesc1987 a336p aincludes index and biblioraphy2 aAppendix, Bibliography, Index aIslam-Central Asia aCentral Asia1 aHamid, Muhammad bSRS cBK 001040708StackRoom-aHMIbHMId2013-06-11g250.00l0o958 HAMp016674r2013-06-11v250.00w2005-05-24yBK c11831d11831